Cvičenia z psychológie práce

Salvato in:
Dettagli Bibliografici
Autore principale: Tichý, Imrich
Ente Autore: Vysoká škola ekonomická v Bratislave. Národohospodárska fakulta
Natura: Libro
Lingua:slovacco
Pubblicazione: Bratislava Vysoká škola ekonomická 1971
Tags: Aggiungi Tag
Nessun Tag, puoi essere il primo ad aggiungerne!!

MARC

LEADER 00000nam a2200000 4500
001 c127557
005 20190107130731.8
041 0 |a slo 
044 |a SK 
245 1 0 |a Cvičenia z psychológie práce 
264 1 |a Bratislava  |b Vysoká škola ekonomická  |c 1971 
300 |a 110 s. 
100 1 |a Tichý, Imrich 
710 2 |a Vysoká škola ekonomická v Bratislave. Národohospodárska fakulta